Survey of the Environment (Record no. 100273)

MARC details
000 -LEADER
fixed length control field 00500nam a2200169Ia 4500
003 - CONTROL NUMBER IDENTIFIER
control field OSt
005 - DATE AND TIME OF LATEST TRANSACTION
control field 20220317083154.0
008 - FIXED-LENGTH DATA ELEMENTS--GENERAL INFORMATION
fixed length control field 211118s9999||||xx |||||||||||||| ||und||
040 ## - CATALOGING SOURCE
Transcribing agency sbcl
082 ## - DEWEY DECIMAL CLASSIFICATION NUMBER
Classification number 363.7005
Item number HIN-S
100 ## - MAIN ENTRY--PERSONAL NAME
Personal name The Hindu
245 #0 - TITLE STATEMENT
Title Survey of the Environment
260 ## - PUBLICATION, DISTRIBUTION, ETC.
Name of publisher, distributor, etc. Hindu
Place of publication, distribution, etc. Chennai
Date of publication, distribution, etc. 2001
630 ## - SUBJECT ADDED ENTRY--UNIFORM TITLE
General subdivision Ecology Reference Reading Room
650 ## - SUBJECT ADDED ENTRY--TOPICAL TERM
Topical term or geographic name entry element Other social problems & services
942 ## - ADDED ENTRY ELEMENTS (KOHA)
Koha item type BOOK
650 ## - SUBJECT ADDED ENTRY--TOPICAL TERM
Form subdivision Social problems & services; associations
General subdivision Social sciences
Source of heading or term generalia
Holdings
Withdrawn status Lost status Source of classification or shelving scheme Damaged status Not for loan Home library Current library Date acquired Cost, normal purchase price Full call number Barcode Shelving location Date last seen Price effective from Koha item type
    Dewey Decimal Classification     SB LIBRARY SB LIBRARY 18/11/2021 45.00 363.7005 HIN-S 00105880 GENERAL STACK 18/11/2021 18/11/2021 BOOK

Powered by Koha